STN 33 2000-4-482: 2001 (HD 384.4.482 S1), Elektrické inštalácie budov Časť 4 Zaistenie bezpečnosti. Kapitola 48: Výber ochranných opatrení vzhľadom na vonkajšie vplyvy. Oddiel 482: Ochrana proti požiaru pri osobitných rizikách alebo nebezpečenstve

Norma obsahuje identické znenie harmonizačného dokumentu HD 384.4.482 Sl: l997 vrátane opravy z júla l997

Bibliographic Details
Main Author: Nemčič, Rudolf (Author)
Corporate Author: Vojenská akadémia v Liptovskom Mikuláši (Translator)
Other Authors: Huna, Rudolf, 1954- (Translator), Čatloš, Marcel (Translator)
Format: Book
Language:Slovak
PhysicalDescription:8 s. 30 cm
Published: Bratislava Slovenský ústav technickej normalizácie 2001
Subjects:

MARC

LEADER 00000cam a2200000 a 4500
001 vtls009724065
003 SK-MaSNL
005 20260301025127.0
008 160624s2001 xo u 00 0 slo
015 |a SNBN2015 
020 |c (cen. skup. 8) 
035 |a (SVKBBclas03)vtls000100202 
040 |a SNK  |b slo  |c SNK  |e AACR2 
041 0 |a slo 
044 |a xo  |c SK 
046 |a s  |m 200108 (účin.) 
072 7 |a 696  |x Inštalácie v budovách  |2 konspekt 
080 |a 696  |2 2001 
080 |a 696.6  |2 2001 
080 |a 006.88  |2 2001 
080 |a (437.6)  |2 2001 
080 |a (4)  |2 2001 
080 |a (083)  |2 2001 
084 |a 13.220.00  |2 ICS 
084 |a 91.140.50  |2 ICS 
245 0 0 |a STN 33 2000-4-482: 2001 (HD 384.4.482 S1), Elektrické inštalácie budov  |n Časť 4  |p Zaistenie bezpečnosti. Kapitola 48: Výber ochranných opatrení vzhľadom na vonkajšie vplyvy. Oddiel 482: Ochrana proti požiaru pri osobitných rizikách alebo nebezpečenstve 
246 1 0 |a Elektrické inštalácie budov 
246 1 0 |a Zaistenie bezpečnosti 
246 1 0 |a Výber ochranných opatrení vzhľadom na vonkajšie vplyvy 
246 1 0 |a Ochrana proti požiaru pri osobitných rizikách alebo nebezpečenstv 
246 3 0 |a HD 384.4.482 S1: 1997 
260 |a Bratislava  |b Slovenský ústav technickej normalizácie  |c 2001 
300 |a 8 s.  |c 30 cm 
500 |a Spracovateľ: Vojenská akadémia Liptovský Mikuláš, Rudolf Huna, Marcel Čatloš ; SÚTN Bratislava, Rudolf Nemčič 
500 |a Súbežný názov v angličtine, francúzštine, nemčine 
504 |a Citované normy, súvisiace právne predpisy s. 2 
520 8 |a Norma obsahuje identické znenie harmonizačného dokumentu HD 384.4.482 Sl: l997 vrátane opravy z júla l997 
540 |a STN vydané na akomkoľvek nosiči sa môžu rozmnožovať a rozširovať iba so súhlasom určenej právnickej osoby  |b SÚTN Bratislava  |c zákon 264/1999 Z. z. 
650 0 7 |a inštalácie v budovách  |2 SNKPH  |9 4264 
650 0 7 |a technické normy a štandardy  |z Slovensko  |2 SNKPH  |9 79594 
650 0 7 |a Buildings installations  |2 SNKPHeng  |9 295302 
650 0 7 |a elektrické inštalácie  |2 SNKPH  |9 67471 
650 0 7 |a Electric wiring  |2 SNKPHeng  |9 291772 
655 7 |a normy  |2 SNKPH  |9 70643 
700 1 |a Huna, Rudolf,  |d 1954-  |4 trl  |9 26088 
700 1 |a Čatloš, Marcel  |4 trl  |9 291773 
700 1 |a Nemčič, Rudolf  |4 aut  |9 314065 
710 2 |a Vojenská akadémia v Liptovskom Mikuláši  |4 trl  |9 183671 
710 2 |a Slovenský ústav technickej normalizácie (Bratislava, Slovensko).Technická normalizačná kmisia č. 84 Elekrické inštalácie a ochrana pred úrazom elektrickým prúdom  |4 stn  |9 320357 
958 |a NB 
999 |c 572429  |d 574359 
952 |a SNK  |b SNK  |y PREZ  |7 0  |p 17A1167365  |o snkSTN 33 2000-4-482  |i snk2015/19503  |8 0  |0 0  |1 0  |4 0  |d 2015-06-23  |l 0  |r 2026-02-23 14:21:18  |w 2026-02-23 
952 |a SNK  |b SNK  |y PREZ  |7 0  |p 17A1167364  |o snkSTN 33 2000-4-482 D1  |i snk2015/19504  |8 0  |0 0  |1 0  |4 0  |d 2015-06-23  |l 0  |r 2026-02-23 14:21:18  |w 2026-02-23